| 000 | 01216nkm a2200277 i 4500 | ||
|---|---|---|---|
| 001 | 4141 | ||
| 003 | ES-MaACL | ||
| 005 | 20250905142200.0 | ||
| 007 | khrbo | ||
| 008 | 070628s1987 sp --- g |001||spa d | ||
| 100 | 0 |
_aAlfonso, _d1902-1990 _919858 |
|
| 245 | 1 | 0 |
_aPresentación del poemario "Memoria de la desesperanza" de Antonio González-Guerrero [ _hFotografía] / _cAlfonso (sello). |
| 260 |
_a[S.l. : _bs.n.], _c1987. |
||
| 300 |
_a2 fot. : _bb. y n. ; _c12 x 18 cm. |
||
| 500 | _aDatos basados en invitación. | ||
| 511 | 0 | _aIntervienen: Antonio González-Guerrero, Joaquín Benito de Lucas, Alfredo Villaverde Gil. | |
| 518 | _aActo organizado por el Ateneo de Madrid, celebrado en la sala de conferencias el viernes, 13 de noviembre de 1987, a las 20:00 h. | ||
| 600 | 1 | 4 |
_aGonzález-Guerrero, Antonio. _958691 |
| 600 | 1 | 4 |
_aBenito de Lucas, Joaquín. _927672 |
| 600 | 1 | 4 |
_aVillaverde Gil, Alfredo, _d1947- _9115185 |
| 610 | 2 | 4 |
_aAteneo de Madrid- _xActos culturales- _y1987- _vFotografías. _91902 |
| 710 | 2 |
_aAteneo de Madrid. _91875 |
|
| 852 |
_aES-MaACL _jFOT 206/1987 |
||
| 856 | 4 |
_uhttp://www.ateneodemadrid.net/biblioteca_digital/imagenes/1987/0206-1987.jpg _zVer imagen |
|
| 999 |
_c4141 _d4141 |
||